| 000 | 01658nam a2200241Ia 4500 | ||
|---|---|---|---|
| 999 |
_c52952 _d52952 |
||
| 001 | 19983 | ||
| 003 | GE_BSU | ||
| 005 | 20210330114027.0 | ||
| 008 | 181216s2016||||ge |||||||||||||| ||geo|| | ||
| 040 | _cGE_BSU | ||
| 041 | _ageo | ||
| 080 | _a61 ქ-66 | ||
| 100 |
_aქორიძე, შალვა _910829 |
||
| 245 |
_aსაკეისრო კვეთის ზრდის ფსიქოსოციალური ფაქტორები და პოსტოპერაციული გართულებების პრევენციის გზები / _cშალვა ქორიძე; სამეცნ. ხელმძღვანელი პ. მაჭავარიანი, ექსპერტები: ზ. ბოხუა., ბ. ტყეშელაშვილი., რ. საყვარელიძე; თბილისის სახ-ლო სამედიცინო უნ-ტი. |
||
| 264 |
_aთბილისი, _c2016. |
||
| 300 |
_a122 გვ.; _b30 სმ. |
||
| 653 | _aდისერტაცია | ||
| 653 | _aმედიცინა | ||
| 653 | _aსაკეისრო კვეთის ზრდის ფსიქოსოციალური ფაქტორები და პოსტოპერაციული გართულებების პრევენციის გზები | ||
| 700 |
_aმაჭავარიანი, პ. _eსამეცნ. ხელმძღვანელი _910830 |
||
| 700 |
_aთბილისის სახ-ლო სამედიცინო უნ-ტი _910831 |
||
| 942 |
_cBK _2udc |
||